| 000 | 00819nam a2200205 a 4500 | ||
|---|---|---|---|
| 008 | 170511s2014 ||||||||||||||||| || u | ||
| 020 | _a9781455744619 | ||
| 050 | _aRB 46.6 Dab | ||
| 100 | _aDabbs, David J | ||
| 245 | 1 | 0 |
_aDiagnostic immunohistochemistry: theranostic and genomic applications. (4th ed.) _cBy David J. Dabbs |
| 250 | _a4th ed | ||
| 260 |
_aPhiladelphia _bElsevier Saunders _c2014 |
||
| 300 | _axviii, 931p.: ill | ||
| 350 | _a399.00 | ||
| 650 | _aDIAGNOSTIC TECHNIQUES AND PROCEDURES | ||
| 650 | _aNEOPLAMS--DIAGNOSIS | ||
| 650 | _aIMMUNOHISTOCHEMISTRY--METHODS | ||
| 650 | _aDIAGNOSTIC IMMUNOHISTOCHEMISTRY | ||
| 995 |
_aMEDICAL LIBRARY OPEN ACCESS _e903981 _FCBU-SCHOOL OF MEDICINE LIBRARY (Ndola) _I399.00 _jRB 46.6 Dab _M1 _UAVAILABLE _WMay 11, 2017 _y903981 _ZMedical Library Open Access Collection |
||
| 999 |
_c31261 _d31261 |
||